Aproximaciones sucesivas y sucesiones
Uloženo v:
| Hlavní autoři: | , |
|---|---|
| Médium: | Kniha |
| Jazyk: | španělština |
| Vydáno: |
Ciudad de México
Iberoamérica
1997
|
| Vydání: | 2a. ed |
| Edice: | Colección Cuadernos Didácticos, 1
|
| Témata: | |
| Tagy: |
Přidat tag
Žádné tagy, Buďte první, kdo vytvoří štítek k tomuto záznamu!
|
MARC
| LEADER | 00000nam a2200000 a 4500 | ||
|---|---|---|---|
| 001 | UCQ3067 | ||
| 003 | CL-VaPUC | ||
| 008 | 980817e19970000MX |||||||||||||||||spa|d | ||
| 082 | 0 | 4 | |a 511.24 |b CAN |2 21 |
| 100 | 0 | |a Cantoral Uriza, Ricardo Arnaldo |e author |9 417126 | |
| 700 | 0 | |a Reséndiz Balderas, Evelia |e author |9 417127 | |
| 245 | 1 | 0 | |a Aproximaciones sucesivas y sucesiones |
| 250 | |a 2a. ed | ||
| 300 | |a 79 p | ||
| 942 | |c BK | ||
| 945 | |d 19980817 00:00:00 |a mvenant | ||
| 260 | |a Ciudad de México |b Iberoamérica |c 1997 | ||
| 650 | 0 | |a Sucesiones |9 393435 | |
| 650 | 0 | |a Álgebra |9 259567 | |
| 650 | 0 | |a Matemática |9 260235 | |
| 650 | 0 | |a Matemáticas |x Enseñanza |9 875527 | |
| 583 | |a last modification |c 19980817 00:00:00 |k Rodrigo Vera | ||
| 490 | 0 | |a Colección Cuadernos Didácticos, 1 | |
| 999 | |c 273716 |d 273714 | ||
| 952 | |0 0 |1 0 |4 0 |6 511_240000000000000_CAN_1997 |7 0 |8 A |9 309550 |a BIBMAT |b BIBMAT |c E_DIDACT |d 2019-11-20 |i 3450198 |o 511.24 CAN 1997 |p 3450198 |r 2025-01-07 |w 2019-11-20 |y BK |k MAT | ||
| 952 | |0 0 |1 0 |4 0 |6 511_240000000000000_CAN_1997 |7 0 |8 A |9 309551 |a BIBMAT |b BIBMAT |c E_DIDACT |d 2019-11-20 |i 3716872 |o 511.24 CAN 1997 |p 3716872 |r 2025-01-07 |w 2019-11-20 |y BK |k MAT | ||
| 952 | |0 0 |1 0 |4 0 |6 511_240000000000000_CAN_1997 |7 0 |8 A |9 309552 |a BIBMAT |b BIBMAT |c E_DIDACT |d 2019-11-20 |i 3804119 |l 2 |m 3 |o 511.24 CAN 1997 |p 3804119 |r 2025-01-07 |s 2024-04-12 |w 2019-11-20 |y BK |k MAT | ||